Household manufactures in the United States, 1640-1860.

Bibliographic Details
Main Author: Tyron, Rolla Milton, 1875-
Format: Book
Language:English
Published: New York : A. M. Kelley, 1966.
Series:Library of early American business and industry ; no.5.
Subjects:

MARC

Tag First Indicator Second Indicator Subfields
LEADER 00000cam a2200000 4500
001 in00000066212
005 20151008051845.0
008 720428r19661917nyu b 00000 eng u
010 |a  66023980  
035 |a (OCoLC)00296540 
035 |9 AAH0382AM 
040 |c CSU  |d TXA  |d UtOrBLW 
049 |a TXAM  |c [460097] 
050 0 |a HC105  |b .T7 1966 
092 |a 338.63  |b T992h, 1966 
100 1 |a Tyron, Rolla Milton,  |d 1875- 
245 1 0 |a Household manufactures in the United States, 1640-1860. 
264 1 |a New York :  |b A. M. Kelley,  |c 1966. 
300 |a xii,413p. ;  |c 21cm. 
336 |a text  |b txt  |2 rdacontent 
337 |a unmediated  |b n  |2 rdamedia 
338 |a volume  |b nc  |2 rdacarrier 
490 1 |a Library of early American business and industry ;  |v no.5 
500 |a Reprints of economic classics. 
500 |a Issued also as thesis, University of Chicago. 
500 |a Reprint of the 1917 edition. 
650 0 |a Home labor  |z United States. 
651 0 |a United States  |x Economic conditions. 
650 0 |a Industries  |z United States  |x History. 
830 0 |a Library of early American business and industry ;  |v no.5. 
999 |a MARS 
999 f f |s c840c084-fe19-332c-bb45-176e43f3e181  |i f3fcae33-a390-3d7b-b936-aa059f2d5e13  |t 0